| 000 | 00884nam a2200265 i 4500 | ||
|---|---|---|---|
| 001 | 6644 | ||
| 003 | ES-MaACL | ||
| 005 | 20230906145029.0 | ||
| 007 | t| | ||
| 008 | 900208s1987 sp |||| | spa d | ||
| 020 | _a84-249-1092-3 | ||
| 080 | _a17(02)"-00" | ||
| 100 | 1 |
_aCicerón, Marco Tulio. _938748 |
|
| 245 | 1 | 0 |
_aDel supremo bien y del supremo mal / _cM. Tulio Cicerón ; introducción, traducción y notas de Víctor-José Herrero Llorente. |
| 260 |
_aMadrid : _bGredos, _c1987. |
||
| 300 |
_a342 p. ; _c20 cm. |
||
| 490 | 1 |
_aBiblioteca clásica Gredos ; _v101 |
|
| 500 | _aÍndices. | ||
| 650 | 4 |
_aBien- _vObras anteriores a 1800. _9167908 |
|
| 650 | 4 |
_aMal- _vObras anteriores a 1800. _9167909 |
|
| 700 | 1 |
_aHerrero, Víctor José. _963287 |
|
| 830 | 0 |
_aBiblioteca clásica Gredos ; _v101 _9177556 |
|
| 852 |
_aES-MaACL _jL-13814 _z- Enc. plast. |
||
| 999 |
_c6644 _d6644 |
||